<?xml version="1.0" encoding="UTF-8"?>
<record
    xmlns:xsi="http://www.w3.org/2001/XMLSchema-instance"
    xsi:schemaLocation="http://www.loc.gov/MARC21/slim http://www.loc.gov/standards/marcxml/schema/MARC21slim.xsd"
    xmlns="http://www.loc.gov/MARC21/slim">

  <leader>01378nam a22001817a 4500</leader>
  <controlfield tag="008">200130b        xxu||||| |||| 00| 0 eng d</controlfield>
  <datafield tag="020" ind1=" " ind2=" ">
    <subfield code="a">9781133599111</subfield>
  </datafield>
  <datafield tag="050" ind1=" " ind2=" ">
    <subfield code="a">QP143.N894(5e)</subfield>
  </datafield>
  <datafield tag="100" ind1=" " ind2=" ">
    <subfield code="a">Debrunyne, Linda Kelly.</subfield>
  </datafield>
  <datafield tag="245" ind1=" " ind2=" ">
    <subfield code="a">Nutrition for health and health care. /</subfield>
    <subfield code="c">Linda Kelly Debruyne and Kathryn Pinna.</subfield>
  </datafield>
  <datafield tag="250" ind1=" " ind2=" ">
    <subfield code="a">5th ed.</subfield>
  </datafield>
  <datafield tag="260" ind1=" " ind2=" ">
    <subfield code="a">Belmont :</subfield>
    <subfield code="b">Wadsworth Cengage Learning,</subfield>
    <subfield code="c">2014.</subfield>
  </datafield>
  <datafield tag="300" ind1=" " ind2=" ">
    <subfield code="a">xxii, 673 p. :</subfield>
    <subfield code="b">ill. (col.) ;</subfield>
    <subfield code="c">28cm.</subfield>
  </datafield>
  <datafield tag="500" ind1=" " ind2=" ">
    <subfield code="a">Includes index appendix and glossary.</subfield>
  </datafield>
  <datafield tag="505" ind1=" " ind2=" ">
    <subfield code="a">Contents: Overview of nutrition and health -- Digestion and absorption -- Carbohydrates -- Lipids -- Protein -- Energy balance and body composition -- Weight management -- The vitamins -- Water and the minerals -- Nutrition through the life span: pregnancy and infancy -- Nutrition through the life span: childhood and adolescence -- Nutrition through the life span: later adulthood -- Nutrition care and assessment -- Nutrition intervention and diet-drug interactions -- Enteral and parental nutrition support -- Nutrition in metabolic and respiratory stress -- Nutrition and upper gastrointestinal disorders -- Nutrition and liver diseases -- Nutrition and diabetes mellitus -- Nutrition and disorder of the heart and blood vessels -- Nutrition and renal diseases -- Nutrition, Cancer, and HIV infection. </subfield>
  </datafield>
  <datafield tag="700" ind1=" " ind2=" ">
    <subfield code="a">Pinna, Kathryn.</subfield>
  </datafield>
  <datafield tag="942" ind1=" " ind2=" ">
    <subfield code="2">lcc</subfield>
    <subfield code="c">BK</subfield>
  </datafield>
  <datafield tag="999" ind1=" " ind2=" ">
    <subfield code="c">7033</subfield>
    <subfield code="d">14533</subfield>
  </datafield>
  <datafield tag="952" ind1=" " ind2=" ">
    <subfield code="0">0</subfield>
    <subfield code="1">0</subfield>
    <subfield code="2">lcc</subfield>
    <subfield code="4">0</subfield>
    <subfield code="7">0</subfield>
    <subfield code="a">WIUC-1</subfield>
    <subfield code="b">WIUC-1</subfield>
    <subfield code="c">NURS L.</subfield>
    <subfield code="d">2020-01-30</subfield>
    <subfield code="l">0</subfield>
    <subfield code="o">QP143.N894(5e)</subfield>
    <subfield code="p">NURS/660/009/20</subfield>
    <subfield code="r">2020-01-30 00:00:00</subfield>
    <subfield code="t">1</subfield>
    <subfield code="w">2020-01-30</subfield>
    <subfield code="y">BK</subfield>
  </datafield>
</record>
